<?xml version="1.0" encoding="UTF-8"?><?xml-stylesheet type="text/xsl" href="static/style.xsl"?><OAI-PMH xmlns="http://www.openarchives.org/OAI/2.0/" xmlns:xsi="http://www.w3.org/2001/XMLSchema-instance" xsi:schemaLocation="http://www.openarchives.org/OAI/2.0/ http://www.openarchives.org/OAI/2.0/OAI-PMH.xsd"><responseDate>2026-04-14T03:51:33Z</responseDate><request verb="GetRecord" identifier="oai:www.recercat.cat:10459.1/468878" metadataPrefix="marc">https://recercat.cat/oai/request</request><GetRecord><record><header><identifier>oai:recercat.cat:10459.1/468878</identifier><datestamp>2025-10-20T18:04:32Z</datestamp><setSpec>com_2072_3622</setSpec><setSpec>col_2072_479130</setSpec></header><metadata><record xmlns="http://www.loc.gov/MARC21/slim" xmlns:dcterms="http://purl.org/dc/terms/" xmlns:xsi="http://www.w3.org/2001/XMLSchema-instance" xmlns:doc="http://www.lyncode.com/xoai" xsi:schemaLocation="http://www.loc.gov/MARC21/slim http://www.loc.gov/standards/marcxml/schema/MARC21slim.xsd">
   <leader>00925njm 22002777a 4500</leader>
   <datafield ind2=" " ind1=" " tag="042">
      <subfield code="a">dc</subfield>
   </datafield>
   <datafield ind2=" " ind1=" " tag="720">
      <subfield code="a">Díaz Borrego, Raquel</subfield>
      <subfield code="e">author</subfield>
   </datafield>
   <datafield ind2=" " ind1=" " tag="720">
      <subfield code="a">Lloret Maya, Francisco</subfield>
      <subfield code="e">author</subfield>
   </datafield>
   <datafield ind2=" " ind1=" " tag="720">
      <subfield code="a">Jaime, Luciana</subfield>
      <subfield code="e">author</subfield>
   </datafield>
   <datafield ind2=" " ind1=" " tag="720">
      <subfield code="a">Margalef-Marrase, Jordi</subfield>
      <subfield code="e">author</subfield>
   </datafield>
   <datafield ind2=" " ind1=" " tag="720">
      <subfield code="a">Moya-Pérez, J.M.</subfield>
      <subfield code="e">author</subfield>
   </datafield>
   <datafield ind2=" " ind1=" " tag="720">
      <subfield code="a">Pérez Navarro, María Ángeles</subfield>
      <subfield code="e">author</subfield>
   </datafield>
   <datafield ind2=" " ind1=" " tag="260">
      <subfield code="c">2025</subfield>
   </datafield>
   <datafield ind2=" " ind1=" " tag="520">
      <subfield code="a">Extreme climatic events are increasing with climate change, producing changes in communities’ climatic characterization. So, mismatches (climatic disequilibrium, CD) between climatic conditions inferred from species’ requirements (community inferred climate, CIC) and macroclimate may undergo changes with extreme climatic events. Climatic resilience is defined as the ability to maintain or recover community climatic characteristics, regardless of species’ identity, after disturbance or stress. We evaluated the dynamics of plant community climatic characterization in Mediterranean shrublands that experienced a drought event, considering CIC and CD. CIC was calculated by averaging species’ climatic niche centroids, weighted by species’ relative abundances, in the multivariate environmental space obtained from the climate of the species’ geographical occurrence. CD was estimated as Euclidean distance in this space between the observed historic macroclimate and CIC. Climatic resistance was inferred by the distance between pre-drought and drought CIC, climatic resilience by the distance between pre-drought and post-drought CIC, and relative climatic resilience by the same distance weighted by the climatic displacement suffered during the drought. We found a significant reduction in community CD after drought, with CIC becoming more arid, likely due to environmental filtering of those species with wetter distribution. Communities with less pre-drought CD showed higher climatic resistance but pre-drought CD did not explain climatic resilience. Communities with more arid CIC exhibited high climatic resilience regardless of drought impact (high relative climatic resilience), except for certain communities exhibiting highly arid CICs. Communities with less arid CIC showed low relative climatic resilience, as their resilience was associated with high resistance. 
T he study highlights community impacts by extreme droughts through filtering of species distributed in more humid climates. T his produces changes in the CD of communities, whose resilience is determined by CIC, pre-drought CD, and drought impact in terms of CIC change.</subfield>
   </datafield>
   <datafield ind2=" " ind1=" " tag="520">
      <subfield code="a">Financial support was provided by the Spanish Ministry of Science and Innovation and the Generalitat de Catalunya. We thank Pilar Hurtado-Aragüés for her valuable help during field surveys and also Miguel Ángel Esteve-Selma from the University of Murcia for sharing his knowledge about the study system. We also thank the Calblanque Regional Parc conservation team and General Directorate of Natural Heritage and Climate Action of Murcia for facilitating our access to protected areas and expediting the granting of permits. Funding – This work was supported by Spanish Ministry of Science and Innovation through the University Teacher Training Program (FPU) [FPU20/06049] and the funding of the project RESIBIO (PID2020-115264RB-I00) and by Government of Catalonia with 2017 SGR 1001 and 2021 SGR 00849 AGAUR grants. Permits – A permit for accessing protected areas was obtained by direct contact with the director of the areas and corresponding forestry agents.</subfield>
   </datafield>
   <datafield ind1="8" ind2=" " tag="024">
      <subfield code="a">http://hdl.handle.net/10459.1/468878</subfield>
   </datafield>
   <datafield tag="653" ind2=" " ind1=" ">
      <subfield code="a">Climatic disequilibrium</subfield>
   </datafield>
   <datafield tag="653" ind2=" " ind1=" ">
      <subfield code="a">Drought impact</subfield>
   </datafield>
   <datafield tag="653" ind2=" " ind1=" ">
      <subfield code="a">Resilience</subfield>
   </datafield>
   <datafield tag="653" ind2=" " ind1=" ">
      <subfield code="a">Resistance</subfield>
   </datafield>
   <datafield ind2="0" ind1="0" tag="245">
      <subfield code="a">Climatic resilience after extreme drought in Mediterranean shrubland plant communities</subfield>
   </datafield>
</record></metadata></record></GetRecord></OAI-PMH>